Normal view
MARC view
- Pistoia, Marco Reller, Duane.F Gupta, Deepak
Entry Personal Name
001 - CONTROL NUMBER
- control field: 62596
003 - CONTROL NUMBER IDENTIFIER
- control field: NUST
005 - DATE AND TIME OF LATEST TRANSACTION
- control field: 20210628202950.0
008 - FIXED-LENGTH DATA ELEMENTS
- fixed length control field: 210628|| aca||aabn | a|a d
040 ## - CATALOGING SOURCE
- Original cataloging agency: NUST
- Transcribing agency: NUST
100 ## - HEADING--PERSONAL NAME
- Personal name: Pistoia, Marco Reller, Duane.F Gupta, Deepak
670 ## - SOURCE DATA FOUND
- Source citation: Work cat.: (NUST): Pistoia, Marco Reller, Duane.F Gupta, Deepak, Java 2, network security, 2001
